Регионална библиотека "Любен Каравелов" - Русе

Люлката (Запис номер 131081)

MARC детайли
000 -Лидер
Контролно поле с фиксирана дължина nam a22 a 4500
003 - Код на организацията, давaща контролен номер
Контролно поле BLK
005 - Дата и час на последна редакция
Контролно поле 20221004141051.0
008 - Елементи от данни с фиксирана дължина
fixed length control field 180409b bul|||||r ||||||| ||bul||
010 ## - Наследен системен номер
LC control number KNG00136882000
040 ## - Източник на каталожния запис
Идентификатор на билиотеката - собственик на записа BLK
041 ## - Код за език
Код за езика на текст/звукозапис или на отделно заглавие Български
Код за езика КДБФ Български
080 ## - УДК
Текстов определител УДК Словашка литература
УДК код - определител по УДК 821.162.4
УДК определител -32
УДК - код + определител 821.162.4-32
100 1# - Редна дума - Автор
Автор Беднар, Алфонс
Авторска отговорност първи автор
R(LIN) 37377
139 ## - Редно поле
Редна дума Беднар, Алфонс
Авторски знак Бе - Б 31
245 10 - Сведения за заглавието
Заглавие Люлката
Редно поле (дума) Алфонс Беднар; прев. от словаш. Лилия Георгиева-Левенсон; послесл. от Янко Константинов Бъчваров.
257 ## - Страна на издаване
Страна на създаване/издаване Словакия
260 ## - Област на издателските данни
Име на издателя, разпространителя и проч. Нар. култура
Година на издаване 1975
Печатница Варна : Ст. Добрев-Странджата
Място на издаване, разпространение и проч. София
300 ## - Физическа характеристика
Страници 152 с.
Размери/Мащаб 20 см
380 ## - Жанр
Жанр Худож. лит.
500 ## - Общи забележки
Забележка Ориг. загл. Hodiny a minuty. - 12 125 тир.
700 1# - Други автори (авторска отговорност)
Лично име Георгиева-Левенсон, Лилия
Автороска отговорност (Описва отношението между автора и произведението) прев. от словаш.
9 (RLIN) 322579
700 1# - Други автори (авторска отговорност)
Лично име Бъчваров, Янко Константинов
Автороска отговорност (Описва отношението между автора и произведението) послесл. от
9 (RLIN) 364703
852 ## - Местоположение
Форматна сигнатура Цб 76499
Фондова буква Хранилище
856 4# - Електронен адрес и достъп
Електронен формат pdf - файл
856 4# - Електронен адрес и достъп
Електронен формат pdf - файл
999 ## - СИСТЕМНИ КОНТРОЛНИ НОМЕРА
Koha biblionumber 131081
Koha biblioitemnumber 131081
942 ## - АРТИКУЛИ
Вид на библиотечния материал Книги
Скрит в OPAC Не
Периодичен библиозапис Да
944 ## - СЪЗДАВАНЕ И РЕДАКЦИЯ на ЗАПИСА
Създаване/Редакция Създаване
Дата на регистрацията/редакция 05.12.2012
Статус, дата на статуса 05.12.2012 - от С1,Р / 05.12.2012
Служител, извършил регистрацията/редакцията Кети_Илиева
944 ## - СЪЗДАВАНЕ И РЕДАКЦИЯ на ЗАПИСА
Създаване/Редакция Редакция
Дата на регистрацията/редакция 05.12.2012
Статус, дата на статуса 05.12.2012 - от С1,Р / 05.12.2012
944 ## - СЪЗДАВАНЕ И РЕДАКЦИЯ на ЗАПИСА
Създаване/Редакция Редакция
Дата на регистрацията/редакция 2022-10-04
Статус, дата на статуса 2022-10-04
999 ## - СИСТЕМНИ КОНТРОЛНИ НОМЕРА
Koha biblioitemnumber 131081
Наличности
Код за отписване Код за изгубен артикул Източник на класификационната схема Код за повреда Коз за рестрикции Код за отдаване Артикулен № Име на библиотеката - собственик Име на библиотеката, в която се намира в момента Статус (Текущо местоположение) Дата на вписване в системата Местоположение - отдел Цена в лева Инвентарен номер Систематично азбучна сигнатура Баркод Номер на екземпляра Цена в евро Служебна бележка Служебен тип на артикула
  Не е изгубен Universal Decimal Classification Не е повреден само за читалня ползва се в читалня 213668 Регионална библиотека "Любен Каравелов" Русе Регионална библиотека "Любен Каравелов" Русе Хранилище 1975-01-01 Хранилище 0.57 186448 Цб 76499 120000186448 1 0.29 Вид: СФ Дата: 01.01.1975 Книги
Изтеглен Не е изгубен Universal Decimal Classification Не е повреден без рестрикции заемане за дома 213669 Регионална библиотека "Любен Каравелов" Русе Регионална библиотека "Любен Каравелов" Русе Заемна - подръчен фонд 1975-01-01 Заемна - подръчен фонд 0.57 186996 П 885-32/Б 31 186996 2 0.29 Вид: СФ Дата: 01.01.1975 Книги
Изтеглен Не е изгубен Universal Decimal Classification Не е повреден без рестрикции заемане за дома 213670 Регионална библиотека "Любен Каравелов" Русе Регионална библиотека "Любен Каравелов" Русе Заемна - подръчен фонд 1975-01-01 Заемна - подръчен фонд 0.57 186999 П 885-32/Б 31 186999 3 0.29 Вид: СФ Дата: 01.01.1975 Книги
Vip Innovations Ltd, Rousse, Bulgaria 2025